| 000 | 00868cam a22002655a 4500 | ||
|---|---|---|---|
| 001 | 016840978 | ||
| 003 | OSt | ||
| 005 | 20201128024112.0 | ||
| 008 | 150728t2015 enka frb 001 0 eng d | ||
| 020 | _a9781292059419 | ||
| 020 | _a1292059419 | ||
| 040 |
_aStDuBDS _beng _cStDuBDS _dEG-ScBUE |
||
| 082 | 0 | 4 |
_222 _a658.4038011 _bMCK |
| 100 | 1 |
_aMcKinney, Earl H., _cJr. _939106 |
|
| 245 | 1 | 0 |
_aProcesses, systems, and information : _ban introduction to MIS / _cEarl McKinney, David M. Kroenke. |
| 250 | _a2nd ed., Global ed. | ||
| 260 |
_aHarlow : _bPearson Education Limited, _cc.2015. |
||
| 300 |
_a470 p. : _bill. ; _c28 cm. |
||
| 504 | _aIncludes bibliographical references and index. | ||
| 650 | 7 |
_aManagement information systems. _2BUEsh _91296 |
|
| 651 | _2BUEsh | ||
| 653 |
_bCOMSCI _cJanuary2017 |
||
| 700 | 1 |
_aKroenke, David M., _d1948- _938411 |
|
| 942 | _2ddc | ||
| 999 |
_c23827 _d23799 |
||